| 000 | 01454nam a2200361Ia 4500 | ||
|---|---|---|---|
| 001 | ebr10654895 | ||
| 003 | CaPaEBR | ||
| 006 | m u | ||
| 007 | cr cn||||||||| | ||
| 008 | 100219s2009 nyu s 001 0 eng d | ||
| 010 | _z 2010291139 | ||
| 020 | _z1606926780 | ||
| 020 | _z9781606926789 | ||
| 020 | _z9781617618246 (ebook) | ||
| 040 |
_aCaPaEBR _cCaPaEBR |
||
| 035 | _a(OCoLC)670430472 | ||
| 050 | 1 | 4 |
_aT174.7 _b.S77 2009eb |
| 082 | 0 | 4 |
_a363.1196205 _223 |
| 245 | 0 | 0 |
_aStrategic plan for NIOSH nanotechnology research and guidance _h[electronic resource] / _cMartin W. Lang, editor. |
| 246 | 3 | _aStrategic plan for National Institute for Occupational Safety and Health nanotechnology research and guidance | |
| 260 |
_aNew York : _bNova Science, _cc2009. |
||
| 300 | _a141 p. | ||
| 440 | 0 | _aNanotechnology science and technology series | |
| 500 | _aIncludes index. | ||
| 533 |
_aElectronic reproduction. _bPalo Alto, Calif. : _cebrary, _d2013. _nAvailable via World Wide Web. _nAccess may be limited to ebrary affiliated libraries. |
||
| 650 | 0 |
_aNanotechnology _xHealth aspects _xResearch. |
|
| 650 | 0 | _aHigh technology. | |
| 655 | 7 |
_aElectronic books. _2local |
|
| 700 | 1 | _aLang, Martin W. | |
| 710 | 2 | _aebrary, Inc. | |
| 710 | 2 | _aNational Institute for Occupational Safety and Health. | |
| 856 | 4 | 0 |
_uhttp://site.ebrary.com/lib/rucke/Doc?id=10654895 _zAn electronic book accessible through the World Wide Web; click to view |
| 999 |
_c76191 _d76191 |
||